Quizzes
Events
Quiz Creation
Community
Videos
Private Events
Remove Ads
Sign In
Join for FREE
Feedback
Dark Mode
Quiz Categories
Sports
Geography
Music
Movies
Television
Just For Fun
Miscellaneous
History
Literature
Language
Science
Gaming
Entertainment
Religion
Holiday
For Kids
Quiz Lab
Recent
Popular Today
Quiz Kudos Today
Editor Picks
Curator Picks
Quizzes by...
Day
Popularity
Type
Ratings
Length
Year
Community
Subscriptions
Recent Discussions
Orange Saloon
Badges
Playlists
Quests
Create
Leaderboards
Showdown
Live 5
Trivia Bingo
Activity
Puzzle Library
Sporcle Events
Private Events
Virtual Trivia
Globe League
Become a Host
Pub Owners
SporcleCon
Opinionation
Our Games
Videos
Blog
Mobile Apps
Partnerships
Remove Ads and Go Orange
Feedback
Music
Pop Music
The Beatles
Song
Album
Lyrics
Bands
Singers
Artist
Clip
Rock
Rap
Classical
Billboard
Country Music
Kpop
Taylor Swift
Music
Pop Music
The Beatles
Song
Album
Lyrics
Bands
Singers
Artist
Clip
Rock
Rap
Classical
Billboard
Country Music
Kpop
Taylor Swift
Random Quiz
Search Sporcle
×
Quiz Lab
Quiz Lab
Music
Song
Type in answers that appear in a list
Type in answers that appear in a list
Classic
Best Score? Go Orange.
Guess That Les Miserables Song Stats
Can you name the Guess That Les Miserables Song?
By
Livsings
10m
83 Questions
395 Plays
395 Plays
395 Plays
Comments
Comments
Give Quiz Kudos
Give Quiz Kudos
-
- Ratings
hide this ad
More Info
Replay
Link that replays current quiz
Next Quiz
Link to next quiz in quiz playlist
You Got
0%
They Got
Avg Score
41%
Avg Friend Score
Upgrade to see
Score Distribution
Jump to the score distribution portion of the page
Score
0/83
Timer
10:00
0
Plays Today
Hint
Answer
% Correct
a
90.6%
the
90.6%
the
90.6%
And
90.6%
a
90.6%
The
90.6%
And
90.6%
he
73.2%
He
72.9%
He
72.9%
he
72.9%
in
63.5%
in
63.5%
in
63.5%
I
61.8%
I
61.8%
I
61.8%
I
61.8%
do
61.3%
it
58.7%
love
55.7%
my
55.4%
me
53.4%
to
51.6%
him
50.9%
was
50.9%
was
50.9%
was
50.9%
Hint
Answer
% Correct
him
50.9%
was
50.9%
him
50.9%
We
48.9%
Who
46.3%
dream
46.3%
dream
46.3%
of
45.6%
so
42%
Can
41.3%
at
40.3%
will
39.5%
That
38%
were
35.4%
saw
33.7%
saw
33.7%
saw
33.7%
Then
33.2%
Then
33.2%
have
31.1%
gone
29.6%
like
29.4%
like
29.4%
like
29.4%
people
29.1%
as
28.6%
once
27.1%
once
27.1%
Hint
Answer
% Correct
once
27.1%
once
27.1%
had
26.8%
fall
26.6%
night
26.3%
Could
23.8%
really
23.3%
alone
20.8%
alone
20.8%
away
19.5%
true
18.7%
known
18.5%
Two
18.2%
run
17.7%
shadows
16.2%
seemed
15.2%
soon
14.9%
moment
14.7%
moon
14.4%
dreamers
13.9%
trance
13.9%
walked
13.9%
destiny
13.9%
again
13.7%
meet
13.2%
phantoms
13.2%
part
11.9%
Quiz Playlist
Details
Report
Send in Message
Add To Playlist
More Info:
I would just to note that this song was only in the original production. I really like Rebecca Caine's voice for this song, so I decided to post it.
Classic:
Type in answers that appear in a list
Last Updated: Feb 16, 2017
Quiz Scoreboard
CHALLENGE
Sign Up to Join the Scoreboard
Show All
Scores
Hide
Comments
May contain spoilers
Recently Published
9x9 Crossword: Cartoon Network
by jackfrog10
Miscellaneous
3m
College Basketball Coaching Resumes
by pancakes188
Sports
9m
Billboard Blitz: Fleetwood Mac
by CooCooCachoo
Music
15s
More to Explore
Quiz From the Vault
Featured Blog Post
Where Did the Easter Bunny Come From?
hide this ad
You Might Also Like...
Tags
Song Quiz
les
Les Misérables
Miserable
Today's Top Quizzes in Music
Browse Music
hide this ad
Today's Top Quizzes in Song
Browse Song
Top Contributed Quizzes in Music
1
Taylor Swift All Songs (2024)
2
Guess the Artist- 70s Songs
3
7-to-1: Billboard Hot 100 #1 Hits of 2010s
4
Sorting Albums and Songs
5
Taylor Swift Logic Puzzle
6
KPOP LOGIC QUIZ
7
Guess the Taylor Swift song (Mystery Song)
8
One Thing in Common: Music
9
2010s Album by Cover III
10
Guess The Taylor Swift Lyrics Song #1
Explore More
Trending Topics
Harry Potter
Disney
Kpop
NBA
Anime
Crossword
Marvel
Country
NFL
Pokémon
Song
WWE
Soccer
The Office
Puzzle
hide this ad
More By:
Livsings
Quiz
Plays
Rating
Category
Featured
Created
Guess That Les Miserables Song!
1,143
4.50
Entertainment
Feb 15, 2013
Guess that Les Miserables Song!
843
4.80
Music
Feb 6, 2013
Guess That Les Miserables Song!
800
5.00
Music
Feb 6, 2013
Guess That Les Miserables Song!
765
5.00
Music
Feb 12, 2013
Guess That Les Miserables Song!
758
5.00
Music
Feb 12, 2013
Go to Creator's Profile
Score Distribution
Quiz Creator Spotlight
Livsings
Follow
Send a Message
Quizzes Created
-
Created Quiz Play Count
-
More By This Creator
Popular Quizzes Today
1
Find the US States - No Outlines Minefield
2
Find the Countries of Europe - No Outlines Minefield
3
The Countries of the World
4
Find the US States
5
Risky Map Clicking: Biggest States A-Z
6
US States
7
Popular People in 1961
8
Movies - When Are They Set?
More Music Quizzes
Musical Men by Image A-Z
Published
Trending Quizzes
Risky Map Clicking: Least Populous States A-Z
1-10 Letter G Words
1-10 Letter F Words
Risky Map Clicking: Next State Alphabetically
Adjectives in 80s TV Shows
Recently Updated
Leaping Animals
pecheneg
Reality TV Shows (A-Z)
bhenderson79
Rickey Henderson's Hall of Fame Teammates
pecheneg
Champions League XIs: Arsenal
pecheneg
Quick Pick: Celebrities in WWE's Hall of Fame
aduchscher
A-Z Keypad Blitz II
pecheneg
Multiple Oscar Actors
pecheneg
Mystery Phrase Blitz: Oscar 'Best Actors'
pecheneg
F. Scott Fitzgerald Novels
LTH
Pick 3 Villains
ddd62291
Trending Topics
Crossword
Harry Potter
Kpop
NBA
Anime
Marvel
Disney
WWE
NFL
Puzzle
Pokémon
Song
Soccer
The Office
Country
Your Account Isn't Verified!
In order to create a playlist on Sporcle, you need to verify the email address you used during registration. Go to your
Sporcle Settings
to finish the process.
Report this User
Report this user for behavior that violates our
Community Guidelines
.
Details:
Send Report
Go to the Sporcle.com Mobile Site →
Comments